MARC

LEADER 00000nam0a2200000 4500
001 194475
005 20231031182347.0
035 |a (RuTPU)RU\TPU\book\212102 
090 |a 194475 
100 |a 20110415d1987 m y0rusy50 ca 
101 0 |a rus 
102 |a RU 
105 |a a z 001zy 
200 1 |a Защита электрических сетей шахт от коммутационных перенапряжений  |f А. Г. Мнухин, Б. И. Коневский 
210 |a Москва  |c Недра  |d 1987 
215 |a 143 с.  |c ил. 
320 |a Библиогр.: с. 140-141. 
610 1 |a электрические сети 
610 1 |a шахты 
610 1 |a перенапряжения 
610 1 |a защита 
610 1 |a коммутационные перенапряжения 
610 1 |a переходные процессы 
610 1 |a распределительные сети 
610 1 |a электрооборудование 
610 1 |a испытания 
610 1 |a технико-экономическая эффективность 
675 |a 622.333.012.2:658.2  |v 3 
700 1 |a Мнухин  |b А. Г.  |g Анатолий Григорьевич 
701 1 |a Коневский  |b Б. И.  |g Борис Иосифович 
801 1 |a RU  |b 63413507  |c 20110415 
801 2 |a RU  |b 63413507  |c 20110526  |g RCR 
942 |c BK